Statistics for African Countries From English To Turkish

Click here to take the quiz!

General Stats

  • This quiz has been taken 110 times
  • The average score is 49 of 54

Answer Stats

EnglishTürkçe% Correct
South SudanGüney Sudan
99%
LibyaLibya
99%
EgyptMısır
99%
NigerNijer
99%
SudanSudan
99%
TunisiaTunus
99%
ChadÇad
98%
MaliMali
98%
SenegalSenegal
98%
MoroccoFas
97%
AngolaAngola
96%
GhanaGana
95%
CameroonKamerun
95%
KenyaKenya
95%
BeninBenin
94%
Burkina FasoBurkina Faso
94%
GambiaGambiya
94%
GuineaGine
94%
MadagascarMadagaskar
94%
NigeriaNijerya
94%
TogoTogo
94%
D.R.CongoDemokratik Kongo Cumhuriyeti
93%
GabonGabon
93%
SomaliaSomali
93%
UgandaUganda
93%
Cape VerdeYeşil Burun
93%
BurundiBurundi
92%
South AfricaGüney Afrika
92%
LiberiaLiberya
92%
ZambiaZambiya
92%
ZimbabweZimbabve
92%
AlgeriaCezayir
91%
EthiopiaEtiyopya
91%
BotswanaBotsvana
89%
MozambiqueMozambik
89%
Central African Republic/CAROrta Afrika Cumhuriyeti/OAC
89%
TanzaniaTanzanya
89%
Republic of CongoKongo Cumhuriyeti
88%
Sierra LeoneSierra Leone
88%
MalawiMalavi
87%
EritreaEritre
86%
MauritaniaMoritanya
86%
LesothoLesotho
84%
EswatiniEsvatini
82%
Ivory CoastFildişi Sahili
80%
NamibiaNamibya
80%
DjiboutiCibuti
79%
Guinea-BissauGine-Bissau
79%
SeychellesSeyşeller
79%
Sao Tome and PrincipeSao Tome
78%
RwandaRuanda
77%
Equatorial GuineaEkvator Ginesi
75%
MauritiusMauritius
75%
ComorosKomorlar
73%

Score Distribution

Percentile by Number Answered

Percent of People with Each Score

Your Score History

You have not taken this quiz